Каталог землетрясений Российской Империи
| 1. autor: | |
|---|---|
| Kolejni autorzy: | |
| Streszczenie: | На шмуцтитуле: ""Записки по Общей Географии" Императорского Русского Географического Общества начиная с 6 тома издаются выпусками, число коих не ограничено; к настоящему времени вполне закончены нижеследующие тома: 6, 7, 8, 9, 10, 11, 12, 13, 14, 15, 16, 17, 18, 19, 21, 22, 23, 24, 225, 26. Том-же: 20- еще не закончен. Секретарь Отделения Географии Физической д. чл. Ю. М. Шокальский. Сентябрь 1893 г." Текст в русской дореформенной орфографии Напечатано по распоряжению Императорского Русского Географического Общества |
| Język: | rosyjski |
| Wydane: |
Санкт-Петербург, Типография Императорской Академии наук, 1893
|
| Seria: | Записки Императорского Русского Географического Общества. По общей географии Т. 26 |
| Hasła przedmiotowe: | |
| Format: | Książka |
| KOHA link: | https://koha.lib.tpu.ru/cgi-bin/koha/opac-detail.pl?biblionumber=332722 |
MARC
| LEADER | 00000nam0a2200000 4500 | ||
|---|---|---|---|
| 001 | 332722 | ||
| 005 | 20231102004502.0 | ||
| 035 | |a (RuTPU)RU\TPU\book\358682 | ||
| 090 | |a 332722 | ||
| 100 | |a 20170529d1893 k y0rusy50 ca | ||
| 101 | 0 | |a rus | |
| 102 | |a RU | ||
| 105 | |a ab b 001zy | ||
| 200 | 1 | |a Каталог землетрясений Российской Империи |f И. В. Мушкетов, А. П. Орлов |g под ред. И. В. Мушкетова | |
| 210 | |a Санкт-Петербург |c Типография Императорской Академии наук |d 1893 | ||
| 215 | |a 582 с. |c с карт. распр. землетрясений в России, черт. и рис. | ||
| 225 | 1 | |a Записки Императорского Русского Географического Общества. По общей географии |v Т. 26 | |
| 300 | |a На шмуцтитуле: ""Записки по Общей Географии" Императорского Русского Географического Общества начиная с 6 тома издаются выпусками, число коих не ограничено; к настоящему времени вполне закончены нижеследующие тома: 6, 7, 8, 9, 10, 11, 12, 13, 14, 15, 16, 17, 18, 19, 21, 22, 23, 24, 225, 26. Том-же: 20- еще не закончен. Секретарь Отделения Географии Физической д. чл. Ю. М. Шокальский. Сентябрь 1893 г." | ||
| 300 | |a Текст в русской дореформенной орфографии | ||
| 300 | |a Напечатано по распоряжению Императорского Русского Географического Общества | ||
| 316 | |5 63413507: 19//211 |a На авантитуле экслибрис библиотеки С. Н. Кулибина | ||
| 316 | |5 63413507: 19//211 |a На переднем форзаце владельческий экслибрис библиотеки ТТИ | ||
| 317 | |5 63413507: 19//211 |a Поступила в НТБ в 1900 году в составе книжного собрания С. Н. Кулибина | ||
| 320 | |a Источники публикуемых текстов: с. 553-580 | ||
| 606 | 1 | |a Сейсмология |2 stltpush |3 (RuTPU)RU\TPU\subj\54391 |9 72548 | |
| 610 | 1 | |a землетрясения | |
| 610 | 1 | |a Россия | |
| 610 | 1 | |a сейсмические колебания | |
| 610 | 1 | |a сейсмические исследования | |
| 610 | 1 | |a сейсмические зоны | |
| 610 | 1 | |a сейсмические наблюдения | |
| 610 | 1 | |a сейсмические области | |
| 610 | 1 | |a сейсмические районы | |
| 610 | 1 | |a каталоги | |
| 610 | 1 | |a библиотека С. Н. Кулибина | |
| 610 | 1 | |a владельческие знаки | |
| 675 | |a 550.34 |v 4 | ||
| 700 | 1 | |a Мушкетов |b И. В. |c российский геолог |c исследователь Средней Азии |f 1850-1902 |g Иван Васильевич |2 stltpush |3 (RuTPU)RU\TPU\pers\15011 |9 5113 | |
| 701 | 1 | |a Орлов |b А. П. |c русский геолог, сейсмолог, изобретатель, этнограф, статистик |c член Императорского Русского Географического Общества |f 1840-1889 |g Александр Петрович |2 stltpush |3 (RuTPU)RU\TPU\pers\38689 | |
| 702 | 1 | |a Мушкетов |b И. В. |c российский геолог |c исследователь Средней Азии |f 1850-1902 |g Иван Васильевич |2 stltpush |3 (RuTPU)RU\TPU\pers\15011 |4 340 |9 5113 | |
| 801 | 1 | |a RU |b 63413507 |c 20170529 | |
| 801 | 2 | |a RU |b 63413507 |c 20200109 |g RCR | |
| 942 | |c BK | ||